Piłka nożna - najlepsi strzelcy klubowi - Statystyki

Ogólne statystyki
  • Ten quiz został rozwiązany 539 razy
  • Średni wynik to 12 z 15
Statystyki odpowiedzi
klub kraj status liczba bramek zawodnik % Poprawnych
Real Madryt Portugalia aktywny 450 Cristiano Ronaldo
100%
FC Barcelona Argentyna aktywny 672 Lionel Messi
100%
PSG Francja aktywny 256 Kylian Mbappe
90%
Arsenal FC Francja koniec kariery 228 Thierry Henry
88%
Tottenham FC Anglia aktywny 280 Harry Kane
87%
Atletico Madryt Francja aktywny 197 Antoine Griezmann
86%
Bayern Monachium Niemcy koniec kariery 570 Gerd Muller
86%
Manchester City Argentyna koniec kariery 260 Sergio Aguero
86%
Manchester United Anglia koniec kariery 253 Wayne Rooney
80%
AS Roma Włochy koniec kariery 307 Francesco Totti
77%
Chelsea FC Anglia koniec kariery 211 Frank Lampard
65%
Juventus Włochy koniec kariery 290 Alessandro Del Piero
61%
SSC Napoli Belgia aktywny 148 Dries Mertens
60%
Liverpool FC Walia koniec kariery 339 Ian Rush
58%
Celtic Glasgow Szwecja koniec kariery 224 Henrik Larsson
47%
Nie znaleziono quizów pasujących do podanych kryteriów
Rozkład punktacji
Procent ludzi z każdym wynikiem
Percentyl według liczby udzielonych odpowiedzi
Twoja historia wyników
Nie rozwiązałeś tego quizu